Costumi sessuali dei popoli extra-europei /
Enregistré dans:
| Auteur principal: | |
|---|---|
| Autres auteurs: | |
| Format: | Livre |
| Langue: | italien |
| Publié: |
Roma :
Ediz. mediterranee,
[1963?]
|
| Collection: | Telescopio
|
| Sujets: | |
| Tags: |
Pas de tags, Soyez le premier à ajouter un tag!
|
MARC
| LEADER | 00000nam a22000007i 4500 | ||
|---|---|---|---|
| 001 | IT\ICCU\SBL\0252694 | ||
| 003 | ItRI | ||
| 005 | 20250731112045.0 | ||
| 008 | 910930s1963 it |||||| ||||| |||||c | ||
| 015 | |2 IT |a 6310675 | ||
| 040 | |b ita |c ct | ||
| 041 | 7 | |a ita |2 ISO-639-2 | |
| 082 | |a 392.6 |2 16 | ||
| 100 | 1 | |a Lewandowski, Herbert |0 IT\ICCU\SBLV\081986 |4 aut | |
| 240 | 1 | 0 | |a Ferne Lander Fremde Sitten . |9 Lewandowski, Herbert |
| 245 | 1 | 0 | |a Costumi sessuali dei popoli extra-europei / |c H. Lewandowski. |
| 260 | |a Roma : |b Ediz. mediterranee, |c [1963?] | ||
| 300 | |a 403 p., 29 p. di tav. : |b ill. ; |c 22 cm | ||
| 500 | |a Trad. F. Rasetschnig | ||
| 650 | 7 | |a Sesso | |
| 700 | 1 | |a Rasetschnig, Federico |0 IT\ICCU\SBLV\029332 | |
| 830 | 0 | |a Telescopio |0 IT\ICCU\LO1\0064842 | |
| 942 | |2 ddc |c BK | ||
| 952 | |0 0 |1 0 |2 ddc |4 0 |6 B_SSP03LEWAHECOS11 |7 1 |9 8478 |a MI |b MI |d 2005-12-30 |i 1429 |l 0 |o B-SSP03-LEWAHE-COS11 |p CDOM1429 |r 2025-07-17 21:50:28 |w 2025-07-17 |x ACQUISTO |y BK | ||
| 981 | 1 | |6 z01 |a i |b xxxe | |
| 982 | 1 | |6 z01 |a n | |
| 999 | |c 7062 |d 7062 | ||